Normale Ansicht MARC-Ansicht ISBD

Deutsche Identität Nach der Wiedervereinigung. (Titelsatznr. 73344)

[ MARC ]
MARC-Details
000 -Satzkennung
Kontrollfeld mit fester Länge 02238nam a22004093i 4500
001 - Kontrollnummer
Kontrollfeld EBC31713274
003 - Kontrollnummer Identifier
Kontrollfeld MiAaPQ
005 - Datum und Zeit der letzten Transaktion
Kontrollfeld 20251205133730.0
007 - Feld mit fester Länge zur physischen Beschreibung - Allgemeine Information
Kontrollfeld mit fester Länge cr cnu||||||||
008 - Feld mit fester Länge zur physischen Beschreibung - Allgemeine Angaben
Kontrollfeld mit fester Länge 251205s2024 xx o ||||0 ger d
020 ## - Internationale Standardbuchnummer
Internationale Standardbuchnummer 9783658462451
Nähere Angaben (electronic bk.)
020 ## - Internationale Standardbuchnummer
Gelöschte/ungültige ISBN 9783658462444
040 ## - Katalogisierungsquelle
Original-Katalogisierungsstelle MiAaPQ
Katalogisierungssprache eng
Übertragungsstelle MiAaPQ
100 1# - Haupteintragung - Personenname
Personenname Lee, Seul A.
Koha-Normdatenidentnummer 67874
245 10 - Titel
Titel Deutsche Identität Nach der Wiedervereinigung.
250 ## - Ausgabebezeichnung
Ausgabebezeichnung 1st ed.
264 #1 - Produktion, Veröffentlichung, Distribution, Herstellung und Urheberrechtsvermerk
Herstellungs-, Veröffentlichungs- Vertriebs-, Erzeugungsort Wiesbaden :
Produzent, Herausgeber, Distributor, Hersteller Springer Fachmedien Wiesbaden GmbH,
Datum der Herstellung, der Veröffentlichung, des Vertriebs oder des Urheberschutzvermerks 2024.
264 #4 - Produktion, Veröffentlichung, Distribution, Herstellung und Urheberrechtsvermerk
Datum der Herstellung, der Veröffentlichung, des Vertriebs oder des Urheberschutzvermerks {copy}2024.
300 ## - Physische Beschreibung
Umfang 1 online resource (504 pages)
336 ## - Inhaltstyp
Inhaltstypterm Text
Inhaltstypcode txt
Quelle rdacontent
337 ## - Medientyp
Bezeichnung des Medientyps Computermedien
Medientypcode c
Quelle rdamedia
338 ## - Datenträgertyp
Datenträgertypbezeichnung Online Resource
Datenträgertypcode cr
Quelle rdacarrier
490 1# - Gesamttitelangabe
Gesamttitelangabe (Re-)konstruktionen - Internationale und Globale Studien Series
500 ## - Allgemeine Fußnote
Allgemeine Fußnote E-Book-ProQuest / Fernzugriff nach Registrierung möglich
520 ## - Fußnote zu Zusammenfassungen usw.
Fußnote zur Zusammenfassung usw. This scholarly work by Seul A Lee examines German identity from a global perspective, focusing on the interactions and relationships between the Global North and South. It explores the cultural, political, and social dynamics that shape these relationships, emphasizing the need for a rethinking of established perceptions and practices. The book addresses themes such as migration, cultural exchange, and geopolitics, aiming to foster an enhanced understanding of global interactions. Intended for an academic audience, it serves as a platform for studies in cultural identity and international relations, highlighting the importance of mutual comprehension and respect in a globalized world.
-- Generated by AI.
653 ## - Indexierungsterm - Nicht normiert
Nicht-normierter Term Globalization.
653 ## - Indexierungsterm - Nicht normiert
Nicht-normierter Term International relations.
655 ## - Indexierungsterm - Genre/Form
Genre/Form oder fokussierter Term Fernzugriff
Koha-Normdatenidentnummer 230
655 #4 - Indexierungsterm - Genre/Form
Genre/Form oder fokussierter Term
650 #0 - Nebeneintragung unter einem Schlagwort - Sachschlagwort
-- Generated by AI.
650 #0 - Nebeneintragung unter einem Schlagwort - Sachschlagwort
-- Generated by AI.
776 08 - Andere physische Form
Verweisungsphrase Print version:
Haupteintragung Lee, Seul A.
Titel Deutsche Identität Nach der Wiedervereinigung
Ort, Verlag und Erscheinungsjahr Wiesbaden : Springer Fachmedien Wiesbaden GmbH,c2024
Internationale Standardbuchnummer 9783658462444
830 #0 - Nebeneintragung unter dem Gesamttitel - Einheitstitel
Einheitstitel (Re-)konstruktionen - Internationale und Globale Studien Series
Koha-Normdatenidentnummer 67875
856 40 - Elektronische Adresse und Zugriff
URL <a href="https://ebookcentral.proquest.com/lib/maxweberstiftung-ebooks/detail.action?docID=31713274">https://ebookcentral.proquest.com/lib/maxweberstiftung-ebooks/detail.action?docID=31713274</a>
OPAC-Notiz Volltext
942 ## - Zusätzliche Felder (Koha)
Koha-Medientyp E-Books
Exemplare
Ausgeschieden Verloren Klassifikation oder Aufstellungssystematik Beschädigt Nicht entleihbar Heimatbibliothek Aufenthaltsbibliothek Aufstellungsort Erwerbungsdatum Inventarnummer Signatur Barcode Letzte Aktivität Preis gültig von Koha-Medientyp
    Andere/Generische Klassifikation     MWN Osteuropa MWN Osteuropa Online-Ressource 05/12/2025 25-e01334 E-25-e01334 76263 05/12/2025 05/12/2025 E-Books